000 00347nam a2200133Ia 4500
008 191201s2008 xx 000 0 und d
082 _a658.54
_bSHS
100 _aSHARMA, Umesh
245 0 _aStress Management through Ancient Wisdom and Modern Science
260 _aN.Delhi
_bExcel Books
_c2008
300 _a372
650 _aMBA
942 _2ddc
_cBK
999 _c3885
_d3885